000
00247nam a2200121Ia 4500
100
_a
Agarwal/R.D
650
_a
General
942
_c
BK
654
_a
Installation
245
_a
Desk Work
260
_b
Curriculum Centre
_c
2001
546
_a
ENGLISH
999
_c
31794
_d
31794